Iliade

Salvato in:
Dettagli Bibliografici
Autore principale: Homerus (Autore)
Altri autori: Guarini, Giuseppe Monti, Vincenzo (Redattore, Traduttore)
Natura: Libro
Lingua:italiano
Pubblicazione: Lanciano : Carabba Giuseppe, 1935
Catalogo:EDISCO:  Risultati della ricerca del catalogo della biblioteca
Libro di testo Classificazione:
Serie:Classici italiani e stranieri
Soggetti:
Tags: Aggiungi Tag
Nessun Tag, puoi essere il primo ad aggiungerne!!
Aggiunto a:2016-04-30
Cambiato in:2017-10-18

MARC

LEADER 00000aam a22000001 4500
001 00536
003 OSt
005 20171018093241.0
008 160501s1935 it 000 0 ita
040 |c Antonio Parlati - L'Acquila 
041 1 |a ita 
100 1 |a Homerus  |e Author  |9 580 
245 0 0 |a Iliade /   |c tradotta da Vincenzo Monti ; luoghi scelti, commentati e collegati a cura di Giuseppe Guarini 
260 |a Lanciano :  |b Carabba Giuseppe,  |c 1935 
300 |a XV, 336 p., 1/1 ;   |c in 16° 
440 |a Classici italiani e stranieri  |9 466 
510 3 |a 10 
650 4 |a Greco  |9 44 
655 |a Classici  |9 3031 
690 |2 Secondaria superiore  |9 55 
700 1 |a Guarini, Giuseppe  |e Editor  |9 584  |a Monti, Vincenzo  |e Translator  |9 582 
901 |a 1 
942 |2 ddc  |c BK 
546 |a ita 
999 |c 526  |d 526 
999 |c edisco:526  |d 526